000 00767nam a22002297a 4500
003 OSt
005 20250520120010.0
008 250520b |||||||| |||| 00| 0 eng d
020 _a9781781903230
040 _crda
100 _aGislason. Maya K..,
_eeditor
_9809048
245 _aEcological Health:
_bSociety, Ecology and Health
_cedited by Maya K. Gislason
260 _aUK:
_bEmerald,
_c2013.
300 _axxi,334p.
490 _aAdvances in Medical Sociology
_vv.15
500 _aSeries editor : Barbara Katz Rothman, Gary L. Albrecht and Judith A. Levy
650 _2Health
700 _a Rothman, Barbara Katz.,
_eeditor
_9809049
700 _aLevy, Judith A..,
_eeditor
_9809050
700 _aAlbrecht, Gary L..,
_eeditor
_9809051
942 _2CC
_cGB
_e1
_n0
999 _c1428871
_d1428871